00353nam a2200133Ia 45000030006000000080041000060400015000471000040000622450069001022500010001712600009001815460012001900050017002020STCL150530s9999 xx 000 0 und d aSTCLcSTCL aNarayanamurti, M.; Venkatesan, K.S. aText book of Mechanics:Part II statics and Part III Hydrostatics aFirst c1957 aEnglish20220125170135.0